Výchova na vlasteneckom princípe
Armáda Slovenskej republiky - nadstranícky a konsolidačný prvok našej spoločnosti. Úspešnosť a transparentnosť postupných a cielených krokov v transformácii armády. Ciele jej druhej etapy. Úsilie ministra obrany dostať špeciálnu výrobu pod gesciu ministerstva obrany. Pokračujúca transformácia vojens...
Guardado en:
| Autor principal: | |
|---|---|
| Formato: | Capítulo de libro |
| Lenguaje: | eslovaco |
| Materias: | |
| Etiquetas: |
Sin Etiquetas, Sea el primero en etiquetar este registro!
|
MARC
| LEADER | 00000naa a2200000 4500 | ||
|---|---|---|---|
| 001 | r027102 | ||
| 005 | 20230824090139.8 | ||
| 041 | 0 | |a slo | |
| 044 | |a SK | ||
| 245 | 1 | 0 | |a Výchova na vlasteneckom princípe |c J. Sitek |
| 520 | |a Armáda Slovenskej republiky - nadstranícky a konsolidačný prvok našej spoločnosti. Úspešnosť a transparentnosť postupných a cielených krokov v transformácii armády. Ciele jej druhej etapy. Úsilie ministra obrany dostať špeciálnu výrobu pod gesciu ministerstva obrany. Pokračujúca transformácia vojenského školstva. Bytová otázka. Armádny rozpočet. | ||
| 610 | 2 | 0 | |a Slovensko |
| 610 | 2 | 0 | |a 1997 |
| 610 | 2 | 0 | |a armáda |
| 610 | 2 | 0 | |a Armáda SR |
| 610 | 2 | 0 | |a MO SR Bratislava |
| 610 | 2 | 0 | |a výroba špeciálna |
| 100 | 1 | |a Sitek, J. | |